Against the law /

Uloženo v:
Podrobná bibliografie
Hlavní autor: Wildeblood, Peter (Autor)
Médium: Kniha
Jazyk:angličtina
Vydáno: London : Weidenfeld and Nicolson, 1955
Tagy: Přidat tag
Žádné tagy, Buďte první, kdo vytvoří štítek k tomuto záznamu!

MARC

LEADER 00000nam a22000007i 4500
001 IT\ICCU\LO1\1191492
003 ItRI
005 20250813131418.0
008 080524s1955 xxk|||||| ||||| |||||c
040 |b ita  |c ct 
041 7 |a eng  |2 ISO-639-2 
100 1 |a Wildeblood, Peter  |0 IT\ICCU\LO1V\345590  |4 aut 
245 1 0 |a Against the law /  |c Peter Wildeblood. 
260 |a London :  |b Weidenfeld and Nicolson,  |c 1955 
300 |a 189 p. ;  |c 23 cm 
942 |2 ddc  |c BK 
952 |0 0  |1 0  |2 ddc  |4 0  |6 B_SSA03WILDPEAGA11  |7 1  |9 4631  |a MI  |b MI  |d 1987-06-22  |i 237  |l 0  |o B-SSA03-WILDPE-AGA11  |p CDOM237  |r 2025-07-04 21:34:31  |w 2025-07-04  |x DONO  |y BK 
981 1 |6 z01  |a i   |b xxxe  
982 1 |6 z01  |a n 
999 |c 3617  |d 3617